00860nam a22002537a 450000500170000001000140001702000230003102000260005403500130008003700130009308200060010610000240011224500630013626000450019927000640024430000270030865000250033565000380036065000260039870000230042494200200044799900170046795201220048420100802144712.0 aENG-97767 a0195696344c575.00 a9780195696349c575.00 aEN-81300 bDBAD/PUB aN aMason, A.E.W.96563 aThe broken road /cby A.E.W. Mason ; edited by Ralph Crane aNew DelhibOxford University Pressc2008 aYMCA Library building, Jail Singh Road, bNew Delhie110001 axxiii,277p.c23cm (Hb) aEnglish fiction9707 aBritish Occupation in India96564 aSocial history96565 aCrane, Ralph94329 2ddccENhNmMAS c38702d38702 001040708FICaBNbBNd2010-08-02eDBADg575.00l0oN MASpEN-81300r2010-08-02 00:00:00t1v575.00w2010-08-02yEN